00592 2200169 4500245004700000020002200047250001100069100002800080650002000108005001900128260003000147041001400177084000800191300001500199500019900214336000900413 aCahaya MatacAgustina Ardhani SarosohText a978-602-255-388-5 aCet. 1 aAgustina Ardhani Saroso aNovel Indonesia a20231002141215 aYogyakartabBerlianc2013 aIndonesia a813 a144 hlm. : aDara menyalahkan aira ketika ia dinyatakan buta permanen oleh dokter yang merawatnya. Persahabatan yang mereka jalin begitu lama akhirnya retak, bahkan tak ada harapan lagi untuk memperbaikinya. atext